[Event "63rd TCh-BUL GpB 2013"]
[Site "Sunny Beach BUL"]
[Date "2013.09.20"]
[Round "2.2"]
[White "Danov,Lyubomir"]
[Black "Vlashki,N"]
[Result "0-1"]
[WhiteElo "2169"]
[BlackElo "2246"]

1.e4 e6 2.d4 d5 3.Nd2 Be7 4.e5 c5 5.Qg4 Kf8 6.dxc5 Nd7 7.Ngf3 h5 8.Qf4 g5
9.Qe3 g4 10.Nd4 Bg5 11.Qe2 Qc7 12.N2b3 Bxc1 13.Rxc1 Qxe5 14.Qxe5 Nxe5 15.c4 Nf6
16.Be2 Kg7 17.O-O Bd7 18.Rfd1 dxc4 19.Bxc4 Nxc4 20.Rxc4 e5 21.c6 bxc6 22.Nxc6 Bxc6
23.Rxc6 Rhd8 24.Rdc1 Nd5 25.R6c4 Rab8 26.Re1 Nb4 27.Rc7 Nd3 28.Rb1 a5 29.g3 Rd5
30.Ra7 Rbb5 31.Rd1 Nxb2 32.Rxd5 Rxd5 33.Kf1 a4 34.Na5 Rd2 35.Nc6 Nd3 36.Rxa4 Rxf2+
37.Kg1 Rc2 38.Nd8 Rc8 39.Nb7 Rc1+ 40.Kg2 Rc2+ 41.Kg1 Ne1 42.Nd6 Nf3+ 43.Kf1 Nxh2+
44.Ke1 Nf3+ 45.Kf1 Rc6 46.Nf5+ Kf6 47.Ne3 Nd4 48.Ra8 Nf5 49.Kf2 Nxe3 50.Kxe3 Rc3+
51.Kf2 Kf5  0-1

[Event "TCh-NED Meesterklasse 2013-14"]
[Site "Netherland NED"]
[Date "2013.09.21"]
[Round "1.5"]
[White "De Groote,E"]
[Black "Kuipers,S"]
[Result "1-0"]
[WhiteElo "2357"]
[BlackElo "2420"]

1.e4 e6 2.d4 d5 3.Nd2 Be7 4.e5 c5 5.Qg4 Kf8 6.dxc5 Nc6 7.Ngf3 h5 8.Qf4 Nh6
9.Nb3 a5 10.a4 f6 11.Bb5 Nf5 12.Bxc6 bxc6 13.h4 Ba6 14.Bd2 Qb8 15.Bc3 Bc4
16.Nbd4 Nxd4 17.Bxd4 Qb4+ 18.Bc3 Qb8 19.Ng5 d4 20.Bxd4 Bd5 21.O-O Qc7 22.exf6  1-0

[Event "Baku Open 2013"]
[Site "Baku AZE"]
[Date "2013.09.22"]
[Round "4.26"]
[White "Mammadzada,G"]
[Black "Pourramezanali,A"]
[Result "0-1"]
[WhiteElo "2104"]
[BlackElo "2455"]

1.e4 e6 2.d4 d5 3.Nd2 Be7 4.Bd3 c5 5.dxc5 Nf6 6.Qe2 O-O 7.Ngf3 a5 8.exd5 exd5
9.O-O Re8 10.Bb5 Bd7 11.Bxd7 Nbxd7 12.Nb3 a4 13.Nbd4 Bxc5 14.Qd3 Qb6 15.c3 Ne5
16.Nxe5 Rxe5 17.h3 Bxd4 18.cxd4 Re6 19.Be3 Rc6 20.b3 Ne4 21.bxa4 Rxa4 22.Rab1 Qc7
23.Rfc1 Nc3 24.Rb2 h6 25.g3 Rac4 26.Kg2 Na4 27.Rcb1 Nxb2 28.Rxb2 Rc2 29.Rb3 R2c3
30.Rxc3 Rxc3 31.Qf5 Qc6 32.Qb1 Rc2 33.Bf4 Qg6  0-1

[Event "TCh-BEL 2013-14"]
[Site "Belgium BEL"]
[Date "2013.09.22"]
[Round "1.5"]
[White "Saiboulatov,D"]
[Black "Donovan,L"]
[Result "1-0"]
[WhiteElo "2388"]
[BlackElo "2261"]

1.e4 e6 2.d4 d5 3.Nd2 Be7 4.Ngf3 Nf6 5.e5 Nfd7 6.Bd3 c5 7.c3 Nc6 8.O-O g5
9.dxc5 g4 10.Nd4 Ndxe5 11.Bb5 Bd7 12.N2b3 Bf6 13.f4 gxf3 14.Nxf3 Ng6 15.Bh6 Qe7
16.Nfd4 Bg5 17.Qh5 Bxh6 18.Qxh6 O-O-O 19.Rae1 Nce5 20.Qh5 f5 21.Kh1 Rde8
22.Re2 Rhg8 23.g3 a6 24.Bxd7+ Qxd7 25.c6 Nxc6 26.Nc5 Qe7 27.Ncxe6 Nxd4 28.Nxd4 Qd7
29.Qxf5 Rxe2 30.Nxe2 Re8 31.Nd4 Qxf5 32.Rxf5 Re1+ 33.Kg2 Rb1 34.b3 Rc1 35.Rxd5 Rxc3
36.h4 Ne7 37.Rh5 Rd3 38.Nf3 Nd5 39.Rxh7 Ne3+ 40.Kh3 Nf5 41.Kg2 Ne3+ 42.Kh3 Nf5
43.Kg4 Ne3+ 44.Kg5 Nf1 45.Rf7 Nxg3 46.Kg4 Ne4 47.h5 Rd6 48.Nh4 Nf6+ 49.Kg5 Ne4+
50.Kf4 Rd4 51.Nf5 Nd6+ 52.Nxd4 Nxf7 53.Nf5 Kd7 54.h6 Ke6 55.h7 b5 56.b4 Nh8
57.Kg5 Kf7 58.Kh6 Kf6 59.Nd6 Ng6 60.Ne8+ Kf7 61.Nc7  1-0

[Event "52nd World Juniors 2013"]
[Site "Kocaeli TUR"]
[Date "2013.09.22"]
[Round "9.21"]
[White "Sanal,V"]
[Black "Ashiku,F"]
[Result "1/2-1/2"]
[WhiteElo "2419"]
[BlackElo "2253"]

1.e4 e6 2.d4 d5 3.Nd2 Nc6 4.Ngf3 Nf6 5.e5 Nd7 6.Bb5 a6 7.Bxc6 bxc6 8.Nb3 c5
9.Bg5 Be7 10.Na5 Nxe5 11.Nxe5 Bxg5 12.dxc5 O-O 13.O-O Bf6 14.Qe2 Qe8 15.a4 Rb8
16.c3 Bd7 17.b3 c6 18.b4 Qc8 19.Rad1 Be8 20.Nb3 Bd8 21.f4 a5 22.Qe1 Qa6 23.Nd4 axb4
24.cxb4 Qxa4 25.Rb1 Qa6 26.Ra1 Qb7 27.Ra4 Qc8 28.Qg3 f6 29.Nd3 Bd7 30.Re1 Bc7
31.Ra7 Re8 32.b5 cxb5 33.c6 Bxc6 34.Rc1 Bb7 35.Kh1 Qd8 36.Nc5 Bb6 37.Ncxe6 Qd7
38.Nc5 Bxc5 39.Rxc5 Rbc8 40.Rxc8 Rxc8 41.h3 Ra8 42.Rxa8+ Bxa8 43.f5 Qa7 44.Qe3 h6
45.Qe8+ Kh7 46.Qg6+ Kg8 47.Qe8+ Kh7 48.Qg6+  1/2-1/2

[Event "TCh-Moscow GpA 2013"]
[Site "Moscow RUS"]
[Date "2013.09.22"]
[Round "2.2"]
[White "Miroshnichenko,P"]
[Black "Lomasov,Semen"]
[Result "1-0"]
[WhiteElo "2256"]
[BlackElo "2124"]

1.e4 e6 2.d4 d5 3.Nd2 Nc6 4.Ngf3 Nf6 5.e5 Nd7 6.Be2 b6 7.Nf1 Be7 8.Ng3 Bb7
9.c3 Qc8 10.Qa4 Qb8 11.Bg5 Qc8 12.Bc1 Ncb8 13.Bg5 f6 14.exf6 gxf6 15.Bh6 Ba6
16.Qc2 Bxe2 17.Qxe2 Nf8 18.Nh4 Ng6 19.Qh5 Rg8 20.O-O Nc6 21.f4 Kd8 22.f5 Nxh4
23.Qxh4 e5 24.Rae1 Qd7 25.Kh1 Kc8 26.Nh5 Qd6 27.dxe5 Nxe5 28.Bg7 Qc6 29.Rxe5 fxe5
30.Qxe7 Kb7 31.f6 Rge8 32.Qb4 a5 33.Qg4 Re6 34.Qf5 d4 35.cxd4 exd4 36.Nf4 Re3
37.f7 Qc4 38.Qd5+ Qxd5 39.Nxd5 Re2 40.Bxd4 Rd2 41.Be3 Rxd5 42.f8=Q Rxf8 43.Rxf8 Rd1+
44.Bg1 Ra1 45.a3 Rb1 46.Rf2 c5 47.h4 b5 48.h5 b4 49.axb4 cxb4 50.h6 b3 51.Kh2 a4
52.Rf4 Ra1 53.Bd4 Kc6 54.Rf7 Rd1 55.Bc3 Rd3 56.Rf3 Rd5 57.g4 Kd6 58.Rf4 a3
59.Bb4+ Kc6 60.Bxa3 Rd3 61.Rf6+ Kd5 62.Rd6+  1-0

[Event "Baku Open 2013"]
[Site "Baku AZE"]
[Date "2013.09.23"]
[Round "5.26"]
[White "Pourkashiyan,A"]
[Black "Ahmadinia,E"]
[Result "1-0"]
[WhiteElo "2303"]
[BlackElo "2381"]

1.e4 e6 2.d4 d5 3.Nd2 Be7 4.c3 c5 5.Ngf3 Nc6 6.dxc5 Bxc5 7.Bd3 Nf6 8.Qe2 O-O
9.O-O Be7 10.Re1 b6 11.e5 Nd7 12.b4 Qc7 13.Nf1 f6 14.exf6 Nxf6 15.Ng5 Nd8
16.Ng3 Bd6 17.c4 Nf7 18.a3 Ne5 19.cxd5 exd5 20.Bb2 Nxd3 21.Qxd3 Qc4 22.Qb1 Qh4
23.Nf3 Qf4 24.Bc1 Qc4 25.Be3 Bg4 26.Nd4 Rae8 27.Rc1 Qa6 28.Qb3 Qb7 29.Nc6 Qf7
30.Bd4 Kh8 31.a4 Nh5 32.Re1 Nf4 33.Rxe8 Rxe8 34.Qc3 h5 35.h4 Ng6 36.Re1 Rxe1+
37.Qxe1 Nxh4 38.Ne5 Qe7 39.b5 Kg8 40.Qc3 Bb4 41.Qb3 Bc5 42.Nxg4 Bxd4 43.Qxd5+ Qf7
44.Qxd4 hxg4 45.Qd8+  1-0

[Event "63rd TCh-BUL GpB 2013"]
[Site "Sunny Beach BUL"]
[Date "2013.09.23"]
[Round "7.2"]
[White "Stefanov,K"]
[Black "Vlashki,N"]
[Result "1-0"]
[WhiteElo "2381"]
[BlackElo "2246"]

1.e4 e6 2.d4 d5 3.Nd2 Be7 4.Ngf3 Nf6 5.Bd3 c5 6.e5 Nfd7 7.c3 Nc6 8.Nf1 Qb6
9.Bc2 cxd4 10.cxd4 Nb4 11.Bb1 a5 12.Ng3 h5 13.O-O a4 14.a3 Nc6 15.Bc2 Qa6
16.Bg5 Nb6 17.Bxe7 Nxe7 18.Ng5 g6 19.Qf3 Nf5 20.Bxf5 exf5 21.Rac1 Be6 22.Ne2 Nc4
23.Rc2 O-O-O 24.Nf4 Rhe8 25.Rfc1 b5 26.b3 axb3 27.Qxb3 Rd7 28.Qb4 Kb8 29.Nd3 Ra7
30.Nc5 Qb6 31.a4 Ka8 32.axb5 Rb8 33.Qb3 Na3 34.Ra2  1-0

[Event "Baku Open 2013"]
[Site "Baku AZE"]
[Date "2013.09.24"]
[Round "6.25"]
[White "Abdulov,Or"]
[Black "Pourramezanali,A"]
[Result "0-1"]
[WhiteElo "2356"]
[BlackElo "2455"]

1.e4 e6 2.d4 d5 3.Nd2 Be7 4.Bd3 c5 5.dxc5 Nf6 6.exd5 Qxd5 7.Ngf3 Qxc5 8.Qe2 Nbd7
9.O-O Qc7 10.c4 b6 11.b3 Bb7 12.Bb2 O-O 13.Ne5 Nxe5 14.Bxe5 Qc6 15.Nf3 Ng4
16.Bg3 Bc5 17.Rfe1 Rad8 18.h3 Nf6 19.Rad1 Bb4 20.Rf1 Ne4 21.Ne5 Nxg3 22.fxg3 Qc5+
23.Kh2 f5 24.g4 Qc7 25.Kh1 Rde8 26.c5 Bxc5 27.gxf5 exf5 28.Bc4+ Kh8 29.Rfe1 Be4
30.Nd7 Qg3 31.Nxc5 Bxg2+ 32.Qxg2 Rxe1+ 33.Bf1 Qxg2+  0-1

[Event "4th Biella Open A 2013"]
[Site "Biella ITA"]
[Date "2013.09.27"]
[Round "1.10"]
[White "Ranfagni,S"]
[Black "Rudolf,An"]
[Result "0-1"]
[WhiteElo "2038"]
[BlackElo "2308"]

1.e4 e6 2.d4 d5 3.Nd2 Be7 4.exd5 exd5 5.Ngf3 Nf6 6.Bd3 Bg4 7.h3 Bh5 8.O-O O-O
9.Re1 Nbd7 10.Nf1 c5 11.c3 c4 12.Bc2 Bg6 13.Ng3 Bxc2 14.Qxc2 Re8 15.Bf4 b5
16.Nf5 Ne4 17.Nd2 Ndf6 18.Nxe4 Nxe4 19.f3 Bg5 20.Bxg5 Nxg5 21.Qd2 Qf6 22.Rxe8+ Rxe8
23.Re1 Re6 24.Rxe6 Nxe6 25.Ng3 Qg6 26.Kf2 h5 27.h4 Qf6 28.Nxh5 Qxh4+ 29.Ng3 Nf4  0-1

[Event "12th Forchheim Open A 2013"]
[Site "Forchheim GER"]
[Date "2013.09.28"]
[Round "2.16"]
[White "Steinhart,C"]
[Black "Turner,R"]
[Result "1/2-1/2"]
[WhiteElo "1966"]
[BlackElo "2083"]

1.e4 e6 2.d4 d5 3.Nd2 Nc6 4.Ngf3 Nf6 5.e5 Nd7 6.Nb3 f6 7.exf6 Qxf6 8.Bg5 Qf7
9.Bb5 h6 10.Bh4 a6 11.Bd3 Bd6 12.c3 e5 13.dxe5 Ndxe5 14.Nxe5 Nxe5 15.Bc2 O-O
16.O-O c6 17.Nd4 c5 18.Nf5 Bxf5 19.Bxf5 Nf3+ 20.Qxf3  1/2-1/2

[Event "TCh-BEL 2013-14"]
[Site "Belgium BEL"]
[Date "2013.09.29"]
[Round "2.4"]
[White "Marechal,A"]
[Black "Donovan,L"]
[Result "1/2-1/2"]
[WhiteElo "2348"]
[BlackElo "2261"]

1.e4 e6 2.d4 d5 3.Nd2 Be7 4.c3 c5 5.dxc5 Nf6 6.exd5 Qxd5 7.b4 a5 8.Ngf3 Nc6
9.Bc4 Qh5 10.Qb3 O-O 11.O-O Nd5 12.Bxd5 exd5 13.Re1 Bf6 14.b5 a4 15.Qa3 Na7
16.Nd4 Bxd4 17.cxd4 Nxb5 18.Qb4 Bd7 19.Nf3 f6 20.Bf4 Bc6 21.Qd2 Rfe8  1/2-1/2

[Event "4th Biella Open A 2013"]
[Site "Biella ITA"]
[Date "2013.09.29"]
[Round "5.9"]
[White "Antoli Royo,J"]
[Black "Barbiso,T"]
[Result "1-0"]
[WhiteElo "2407"]
[BlackElo "1998"]

1.e4 e6 2.d4 d5 3.Nd2 Nc6 4.c3 e5 5.Ngf3 exd4 6.cxd4 dxe4 7.Nxe4 Qe7 8.Qe2 Bg4
9.d5 Nd4 10.Qd3 Nxf3+ 11.gxf3 Bd7 12.Qe3 g6 13.d6 Qe6 14.Qc3 Bc6 15.Bc4 Qf5
16.Qxh8 Qxf3 17.Qe5+ Kd8 18.Bg5+ Kc8 19.d7+ Bxd7 20.O-O Qg4+ 21.Kh1 Qf3+
22.Kg1 Qg4+ 23.Qg3 Qxe4 24.Rfe1 Qf5 25.Rac1 Bd6 26.Qxd6 Qxg5+ 27.Qg3 Qxg3+
28.hxg3 Nf6 29.Re7  1-0

[Event "TCh-NOR Club 2013"]
[Site "Fagernes NOR"]
[Date "2013.09.29"]
[Round "6.8"]
[White "Egede Nissen,B"]
[Black "Kjolberg,J"]
[Result "1-0"]
[WhiteElo "2051"]
[BlackElo "2031"]

1.e4 e6 2.d4 d5 3.Nd2 Be7 4.e5 c5 5.c3 Nc6 6.Ngf3 cxd4 7.cxd4 Qb6 8.a3 Nxd4
9.Nxd4 Qxd4 10.Bb5+ Kf8 11.Qe2 a6 12.Bd3 Bd7 13.Nf3 Qb6 14.O-O g6 15.b4 Kg7
16.Be3 Qd8 17.Nd4 h5 18.Rac1 Nh6 19.h3 Rc8 20.f4 h4 21.Kh2 Rxc1 22.Rxc1 Qb8
23.Qd2 Rc8 24.Bf2 Rxc1 25.Qxc1 Qd8 26.Qe1 Ng8 27.Nf3 Bc6 28.Bxh4 d4 29.Bxe7 Nxe7
30.Ng5 Ng8 31.Qh4 Qe7 32.Qh7+ Kf8 33.Qh8 f5 34.exf6  1-0

[Event "12th Forchheim Open A 2013"]
[Site "Forchheim GER"]
[Date "2013.09.29"]
[Round "4.14"]
[White "Winterholler,Christina"]
[Black "Barthelmann,B"]
[Result "0-1"]
[WhiteElo "1959"]
[BlackElo "2098"]

1.e4 e6 2.d4 d5 3.Nd2 Be7 4.Ngf3 Nf6 5.Bd3 c5 6.c3 cxd4 7.Nxd4 Nc6 8.Nxc6 bxc6
9.O-O Qb6 10.e5 Nd7 11.Qg4 g6 12.Re1 Ba6 13.Bc2 O-O-O 14.b4 Rdg8 15.Nb3 h5
16.Qg3 g5 17.a4 h4 18.Qe3 Bb7 19.a5 Qxe3 20.Bxe3 Kb8 21.a6 Ba8 22.Bd4 g4
23.Re3 Rh5 24.Kf1 Bg5 25.Re2 Bf4 26.Nc5 Nxc5 27.Bxc5 Bxh2 28.Ba4 Kc8 29.Rae1 Bf4
30.Bd4 Rgh8 31.b5 cxb5 32.Bxb5 g3 33.f3 h3 34.gxh3 Rxh3 35.Rg2 Rh1+ 36.Ke2 Rxe1+
37.Kxe1 Rh5 38.Be8 Rh1+ 39.Ke2 Kd8 40.Bb5 Rb1 41.Bd3 Rh1 42.Bxa7 Bxe5 43.Bd4 Bf4
44.Bf6+ Kc7 45.Bb5 Rh2 46.Kf1 d4 47.Bxd4 Bxf3 48.Rg1 e5 49.Bc5 Rc2 50.Ba3  0-1

[Event "Oslo Int Open 2013"]
[Site "Oslo NOR"]
[Date "2013.09.29"]
[Round "3"]
[White "Hauge,Lars Oskar"]
[Black "Rozentalis,E"]
[Result "0-1"]
[WhiteElo "2282"]
[BlackElo "2614"]

1.e4 e6 2.d4 d5 3.Nd2 Nc6 4.Ngf3 Nf6 5.e5 Nd7 6.c3 f6 7.Bb5 fxe5 8.dxe5 Bc5
9.O-O O-O 10.Qe2 Qe8 11.Nb3 Bb6 12.Be3 Qh5 13.Bxb6 axb6 14.Rfe1 Nc5 15.Nxc5 bxc5
16.Bxc6 bxc6 17.Nd2 Qg6 18.b3 Bb7 19.Qe3 d4 20.Qe4 Qh6 21.Nc4 Rf4 22.Qd3 Raf8
23.f3 Ba6 24.Re4 Bxc4 25.bxc4 Rxe4 26.Qxe4 Qd2 27.cxd4 cxd4 28.Qxc6 d3 29.Qxe6+ Kh8
30.Qd7 Qe3+ 31.Kh1 d2 32.Rg1 h6 33.e6 Rf6 34.e7 Re6 35.Qd8+ Kh7 36.h3 Rxe7
37.Qd5 c6 38.Qd6 Qxg1+ 39.Kxg1 Re1+ 40.Kf2 d1=Q  0-1

[Event "Oslo Int Open 2013"]
[Site "Oslo NOR"]
[Date "2013.09.29"]
[Round "3"]
[White "Vea,O"]
[Black "Strand,H"]
[Result "0-1"]
[WhiteElo "2226"]
[BlackElo "2151"]

1.e4 e6 2.d4 d5 3.Nd2 Be7 4.Bd3 c5 5.c3 cxd4 6.cxd4 dxe4 7.Nxe4 Nf6 8.Nf3 O-O
9.O-O Nc6 10.Nc3 Nb4 11.Bb1 Bd7 12.Ne5 Rc8 13.Qf3 Bc6 14.Nxc6 Rxc6 15.Be3 Nbd5
16.Ne2 Qb6 17.Bd3 Rfc8 18.b3 a6 19.g4 Qc7 20.g5 Ne8 21.h4 Qd8 22.Be4 R6c7
23.Rad1 Rd7 24.Kh1 g6 25.Rg1 Ng7 26.Bf4 Nf5 27.Rg4 Nxf4 28.Rxf4 Bd6 29.Rg4 Bb8
30.Kg2 h5 31.gxh6 Nxh4+ 32.Rxh4 Qxh4 33.h7+ Kg7 34.Rh1 Qg5+ 35.Kf1 Rh8 36.Qh3 f5
37.f4 Qg4 38.Qc3 e5 39.dxe5 Rc7 40.Qd4 Ba7 41.Qd6 Rc1+ 42.Nxc1 Qxf4+ 43.Ke2 Qxe4+
44.Kd2 Be3+ 45.Kc3 Qxh1  0-1

[Event "Oslo Int Open 2013"]
[Site "Oslo NOR"]
[Date "2013.09.29"]
[Round "8"]
[White "Bok,B"]
[Black "Johannessen,LE"]
[Result "0-1"]
[WhiteElo "2520"]
[BlackElo "2519"]

1.e4 e6 2.d4 d5 3.Nd2 Nc6 4.Ngf3 Nf6 5.e5 Nd7 6.Nb3 a5 7.a4 Be7 8.c3 f6 9.exf6 Bxf6
10.Bb5 O-O 11.Bf4 e5 12.Bxc6 bxc6 13.dxe5 Be7 14.Bg3 Nb6 15.Nfd4 c5 16.Nc6 Qe8
17.Nxe7+ Qxe7 18.O-O Bd7 19.Nc1 c4 20.Ne2 c5 21.Nf4 Bc6 22.Re1 Rae8 23.Qg4 Qf7
24.e6 Qf5 25.Qe2 Nxa4 26.h4 Rf6 27.Ra2 h6 28.h5 Qg5 29.e7 Bd7 30.Qe5 Qxe5
31.Rxe5 d4 32.cxd4 cxd4 33.Nd5 Re6 34.Rxe6 Bxe6 35.Nc7 c3 36.b3 Bxb3 37.Nxe8 Kf7
38.Nd6+ Kxe7 39.Ra1 d3 40.Ne4  0-1

[Event "23rd EYCC Open U18 2013"]
[Site "Budva MNE"]
[Date "2013.09.30"]
[Round "2.31"]
[White "Oltian,Vata"]
[Black "Batchelor,Peter J"]
[Result "1-0"]
[WhiteElo "2013"]
[BlackElo "2132"]

1.e4 e6 2.d4 d5 3.Nd2 Be7 4.Ngf3 Nf6 5.Bd3 c5 6.c3 Nc6 7.O-O dxe4 8.Nxe4 cxd4
9.cxd4 O-O 10.Bb1 Qd5 11.Re1 Rd8 12.Bg5 Nxd4 13.Bxf6 gxf6 14.Nxd4 f5 15.Nc3 Qxd4
16.Bxf5 Qxd1 17.Raxd1 Rxd1 18.Nxd1 Bb4 19.Re4 Bf8 20.Bh3 Bd7 21.Rd4 Bc6 22.a3 Bg7
23.Rd2 Bd5 24.g3 Kf8 25.Bg2 Bxg2 26.Kxg2 Ke7 27.Rc2 Rd8 28.Ne3 Be5 29.Nc4 Bd4
30.Kf3 e5  1-0

[Event "23rd EYCC Open U18 2013"]
[Site "Budva MNE"]
[Date "2013.10.01"]
[Round "3.17"]
[White "Beradze,I"]
[Black "Vaicekauskas,G"]
[Result "1-0"]
[WhiteElo "2319"]
[BlackElo "2120"]

1.e4 e6 2.d4 d5 3.Nd2 a6 4.Bd3 Nf6 5.e5 Nfd7 6.Ne2 c5 7.c3 Nc6 8.O-O Nb6
9.Nf3 Be7 10.a3 O-O 11.Bf4 Bd7 12.h4 f5  1-0

[Event "39th National ch-BAN"]
[Site "Dhaka BAN"]
[Date "2013.10.04"]
[Round "12.4"]
[White "Mohammad,J"]
[Black "Hossain,Enam"]
[Result "1/2-1/2"]
[WhiteElo "2197"]
[BlackElo "2445"]

1.e4 e6 2.d4 d5 3.Nd2 a6 4.Ngf3 c5 5.exd5 exd5 6.Be2 Nc6 7.O-O Bd6 8.dxc5 Bxc5
9.Nb3 Bb6 10.Nfd4 Nge7 11.Bg5 h6 12.Be3 O-O 13.c3 Bc7 14.Nxc6 bxc6 15.Bc5 Re8
16.c4 Ng6 17.cxd5 cxd5 18.Bf3 Qf6 19.Bd4 Qd6 20.g3 Bh3 21.Re1 Qd7 22.Qd3 Be5
23.Bh1 Bf5 24.Qd2 Rad8 25.Rac1 Qd6 26.Na5 Qf6 27.Rxe5 Nxe5 28.f4 Nc4 29.Bxf6 Nxd2
30.Bxd8 Rxd8 31.Nb7 Rd7 32.Nc5 Re7 33.Bxd5 Re2 34.b4 Bg4 35.Nxa6 Bf3 36.Bxf3 Nxf3+
37.Kf1 Rxa2 38.b5 Nxh2+ 39.Ke1 Nf3+ 40.Kf1 Nh2+ 41.Kg1 Nf3+ 42.Kf1 Rb2 43.Rc8+ Kh7
44.Rb8 Kg6 45.Nc5 Rd2 46.b6  1/2-1/2

[Event "Frauenbundesliga 2013-14"]
[Site "Germany GER"]
[Date "2013.10.04"]
[Round "5.1"]
[White "Levushkina,E"]
[Black "Paehtz,E"]
[Result "1/2-1/2"]
[WhiteElo "2303"]
[BlackElo "2440"]

1.e4 e6 2.d4 d5 3.Nd2 Be7 4.Bd3 c5 5.dxc5 Nf6 6.Qe2 Nc6 7.Ngf3 O-O 8.O-O Nb4
9.Nb3 a5 10.exd5 Nxd3 11.d6 Nxc1 12.Raxc1 a4 13.Nbd4 Bxd6 14.cxd6 Qxd6 15.Rfd1 Qc5
16.c3 b6 17.b4 axb3 18.axb3 Ba6 19.Qe1 Bb7 20.b4 Qh5 21.Qe5 Qg6 22.Qg3 Qh5
23.Qe5 Qg6 24.Qg3 Qh5 25.Qe5 Qg6  1/2-1/2

[Event "23rd EYCC Open U16 2013"]
[Site "Budva MNE"]
[Date "2013.10.05"]
[Round "6.24"]
[White "Bosnjak,Petar"]
[Black "Procop,E"]
[Result "1-0"]
[WhiteElo "2152"]
[BlackElo "2062"]

1.e4 e6 2.d4 d5 3.Nd2 Nc6 4.Ngf3 Nf6 5.e5 Nd7 6.Bb5 a6 7.Ba4 f6 8.c4 fxe5
9.dxe5 Nb6 10.cxd5 Qxd5 11.Bb3 Qb5 12.a4 Qb4 13.O-O Bd7 14.Nb1 O-O-O 15.Bd2 Qg4
16.a5 Nd5 17.Nc3 Nf4 18.Bxf4 Qxf4 19.Qe2 g5 20.g3 Qg4 21.Bc4 Be7 22.Ne4 h6
23.Rfc1 Rhf8 24.Kg2 Qf5 25.Nfd2 Nd4 26.Qe3 Bc6 27.Bd3 Qxf2+ 28.Qxf2 Rxf2+
29.Kxf2 Rf8+ 30.Nf6 Bb4 31.Rc4 Bxd2 32.Rxd4  1-0

[Event "4NCL Team Rapid 2013"]
[Site "Daventry ENG"]
[Date "2013.10.05"]
[Round "3.6"]
[White "Maroroa,S"]
[Black "Thomas,Ni"]
[Result "1-0"]
[WhiteElo "2130"]
[BlackElo "2295"]

1.e4 e6 2.d4 d5 3.Nd2 Nc6 4.Ngf3 Nf6 5.e5 Nd7 6.Bd3 f6 7.exf6 Qxf6 8.c3 Bd6
9.Nf1 e5 10.Bg5 Qf7 11.dxe5 Ndxe5 12.Be2 O-O 13.Ne3 Be6 14.Bh4 h6 15.O-O Ng6
16.Bg3 Nf4 17.Bb5 Rad8 18.Re1 Ne7 19.Bf1 c6 20.b4 Rde8 21.Qa4 a6 22.Rad1 Neg6
23.c4 Nh3+ 24.gxh3 Bxg3 25.hxg3 Qxf3 26.Qc2 dxc4 27.Bxc4 Bxc4 28.Nxc4 Qf6
29.Rxe8 Rxe8 30.Nd6 Re7 31.Qc4+ Kh7 32.Qc2 Rd7 33.Ne4 Rxd1+ 34.Qxd1 Qe6 35.Qc2 Qxh3
36.Nc5 Qg4 37.a3 Qd4 38.Kh2 Qf6 39.Nxb7 Kh8 40.Nc5 Ne5 41.Qe4 Qxf2+ 42.Kh3 Qf1+
43.Qg2 Qf5+ 44.g4 Qg5 45.Qg3 h5 46.gxh5 Qxh5+ 47.Qh4 Qxh4+ 48.Kxh4 Nc4 49.a4 Nb6
50.a5 Nd5 51.Nxa6 Kh7 52.Kg5 g6  1-0

[Event "TCh-AUT 2nd Ost 2013-14"]
[Site "Vienna AUT"]
[Date "2013.10.05"]
[Round "1.2"]
[White "Papp,Ga"]
[Black "Kirschner,A"]
[Result "1-0"]
[WhiteElo "2583"]
[BlackElo "2286"]

1.e4 e6 2.d4 d5 3.Nd2 Be7 4.c3 c5 5.dxc5 Nf6 6.Bd3 O-O 7.Qe2 a5 8.Ngf3 Na6
9.e5 Nd7 10.h4 f6 11.Ng5 fxg5 12.Bxh7+ Kxh7 13.hxg5+ Kg8 14.Rh8+  1-0

[Event "Lichtenrader Herbst 2013"]
[Site "Berlin GER"]
[Date "2013.10.06"]
[Round "9.19"]
[White "Jaeschke,J"]
[Black "Zschaebitz,K"]
[Result "1-0"]
[WhiteElo "2135"]
[BlackElo "1997"]

1.e4 e6 2.d4 d5 3.Nd2 a6 4.Ngf3 c5 5.exd5 exd5 6.dxc5 Bxc5 7.Nb3 Bb6 8.Bd3 Nf6
9.Qe2+ Qe7 10.Qxe7+ Kxe7 11.O-O Nc6 12.Re1+ Be6 13.Be3 Bxe3 14.Rxe3 Kd6 15.c3 Ng4
16.Ree1 Nge5 17.Nxe5 Nxe5 18.Rad1 Rac8 19.Nd4 g6 20.f4 Nc6 21.Bc2 Bg4 22.Rd2 Rhe8
23.Rxe8 Rxe8 24.h3 Nxd4 25.Rxd4 Re2 26.Bd3 Rxb2 27.hxg4 Kc5 28.Ra4 Rd2 29.Bf1 f6
30.g3 Rc2 31.Ra5+ Kc6 32.Bg2 b6 33.Rxa6 Rxc3 34.Kh2 Kb7 35.Ra4 Rc5 36.Bf3 g5
37.Kg2 Kc6 38.Kf2 Rc2+ 39.Ke3 Kc5 40.Rd4 Rc3+ 41.Rd3 d4+ 42.Ke4 Rc4 43.Bd1 b5
44.Kf5 Rc1 45.Bb3 Rf1 46.Rd2 Rf3 47.Rh2 Rxg3 48.Rxh7 gxf4 49.Kxf4 Rg1 50.Rd7 Rf1+
51.Kg3 Rg1+ 52.Kh3 Re1 53.Rd5+ Kc6 54.Rxd4 Re5 55.Rf4  1-0

[Event "Lichtenrader Herbst 2013"]
[Site "Berlin GER"]
[Date "2013.10.06"]
[Round "9.9"]
[White "Postler,R"]
[Black "Lund,E"]
[Result "0-1"]
[WhiteElo "2249"]
[BlackElo "2417"]

1.e4 e6 2.d4 d5 3.Nd2 Nc6 4.Ngf3 Nf6 5.exd5 exd5 6.Bd3 Bd6 7.O-O O-O 8.Re1 Nb4
9.Bb5 c6 10.Ba4 Bg4 11.a3 Na6 12.c3 Qd7 13.Nf1 Rae8 14.Rxe8 Qxe8 15.Be3 Ne4
16.Qd3 f5 17.Re1 Bxf3 18.gxf3 Ng5 19.Bd1 Nh3+ 20.Kg2 Nf4+  0-1

[Event "23rd EYCC Open U16 2013"]
[Site "Budva MNE"]
[Date "2013.10.06"]
[Round "7.23"]
[White "Todorovic,Nenad I"]
[Black "Brazdzionis,A"]
[Result "1/2-1/2"]
[WhiteElo "2149"]
[BlackElo "2043"]

1.e4 e6 2.d4 d5 3.Nd2 Be7 4.Ngf3 Nf6 5.e5 Nfd7 6.Bd3 c5 7.c3 Nc6 8.O-O g5
9.dxc5 g4 10.Nd4 Ndxe5 11.Bc2 Bxc5 12.f4 Nxd4 13.cxd4 Bxd4+ 14.Kh1 Nc6 15.Qxg4 Qf6
16.Nf3 Qg7 17.Qh5 Bd7 18.f5 Bxb2 19.fxe6 Bxe6 20.Bxb2 Qxb2 21.Ba4 O-O-O 22.Bxc6 bxc6
23.Rab1 Qg7 24.Rfc1 Rd6 25.Ne5 Rg8 26.Qe2 Qg5 27.Nxc6 Kd7 28.Rb7+ Ke8 29.Rb8+ Kd7
30.Ne5+ Ke7 31.Rc7+ Kf6 32.Rxg8 Qxg8 33.Rc1 Qg5 34.Rf1+ Kg7 35.Nf3 Qf6 36.Ne5 Qg5
37.Nf3 Qf6 38.Ne5 Qg5 39.Nf3 Qf6 40.Ne5 Bf5 41.Qe3 d4 42.Qg3+ Kf8 43.Ng4 Bxg4
44.Rxf6 Rxf6 45.h4 h5 46.Qe5 Re6 47.Qxd4 a6 48.Kh2 Ke7 49.Kg3 Ke8 50.Kf4 Ke7
51.a4 Rf6+ 52.Kg3 Re6 53.Qc5+ Kd7 54.Qa7+ Ke8 55.Kf4 Kf8 56.a5 Kg7 57.Qb8 Re2
58.Qb6 Re6 59.Qd8 Rf6+ 60.Ke5 Re6+ 61.Kd5 Rg6 62.Kc5 Re6 63.Qd4+ Kg8 64.Qf4 Kg7
65.Qg5+ Rg6 66.Qe5+ Kg8 67.Kb4 Re6 68.Qg5+ Rg6 69.Qd8+ Kg7 70.Qd4+ Kg8  1/2-1/2

[Event "TCh-AUT 2nd Mitte 2013-14"]
[Site "Fuerstenfeld AUT"]
[Date "2013.10.06"]
[Round "3.3"]
[White "Burlacu,B"]
[Black "Schwabeneder,Florian"]
[Result "0-1"]
[WhiteElo "2316"]
[BlackElo "2327"]

1.e4 e6 2.d4 d5 3.Nd2 a6 4.Ngf3 c5 5.exd5 exd5 6.Be2 Nf6 7.O-O Be7 8.dxc5 Bxc5
9.Nb3 Ba7 10.Qd3 O-O 11.Be3 Bxe3 12.Qxe3 Re8 13.Qd3 Nc6 14.c3 Bf5 15.Qd1 Qb6
16.Nfd4 Bg6 17.Nxc6 bxc6 18.Bd3 c5 19.Bxg6 hxg6 20.Rb1 Re6 21.Re1 Rxe1+ 22.Qxe1 Re8
23.Qf1 Ne4 24.Qd3 c4 25.Qd4 Rb8  0-1

[Event "TCh-AUT 2nd Ost 2013-14"]
[Site "Vienna AUT"]
[Date "2013.10.06"]
[Round "2.3"]
[White "Penz,H"]
[Black "Staudner,O"]
[Result "0-1"]
[WhiteElo "2324"]
[BlackElo "2392"]

1.e4 e6 2.d4 d5 3.Nd2 Be7 4.Bd3 c5 5.dxc5 Nf6 6.Ngf3 Nc6 7.O-O O-O 8.exd5 exd5
9.Nb3 a5 10.a4 Bg4 11.Be2 Qc7 12.Be3 Rfe8 13.c3 Rad8 14.Nbd4 Bxc5 15.Nxc6 Bxe3
16.Nxd8 Ba7 17.Nxf7 Bb8 18.N7g5 h6 19.g3 hxg5 20.Re1 Ba7 21.Nd4 Rxe2 22.Nxe2 Qf7
23.h3 Bf3 24.Qd3 Be4 25.Qd2 Bxf2+ 26.Kh2 Qh5  0-1

[Event "23rd EYCC Open U18 2013"]
[Site "Budva MNE"]
[Date "2013.10.07"]
[Round "8.3"]
[White "Barbot,Pi1"]
[Black "Chigaev,M"]
[Result "0-1"]
[WhiteElo "2392"]
[BlackElo "2480"]

1.e4 e6 2.d4 d5 3.Nd2 Be7 4.Ngf3 Nf6 5.e5 Nfd7 6.Bd3 c5 7.c3 Nc6 8.O-O h5
9.Re1 g5 10.dxc5 g4 11.Nd4 Ndxe5 12.Bb5 Bd7 13.N2b3 Ng6 14.Nxc6 bxc6 15.Bd3 Qc7
16.Bxg6 fxg6 17.Qd4 O-O 18.c4 Bf6 19.Qd3 Kh7 20.Re2 e5 21.cxd5 Bf5 22.Qa6 cxd5
23.Bd2 d4 24.c6 Qb6 25.Qc4 a5 26.Qc5 Qxc5 27.Nxc5 Rfc8 28.Nd7 Bxd7 29.cxd7 Rd8
30.Rc1 Rxd7 31.Rc5 a4 32.a3 Rb8 33.Bb4 d3 34.Rd2 e4 35.Rc4 Bg5 36.Rd1 e3
37.fxe3 Bxe3+ 38.Kf1 Rf7+ 39.Ke1 Re8 40.Rxd3 Bh6+  0-1

[Event "23rd EYCC Open U16 2013"]
[Site "Budva MNE"]
[Date "2013.10.07"]
[Round "8.38"]
[White "Valkama,Eero"]
[Black "Sidabras,Jonas"]
[Result "1-0"]
[WhiteElo "1918"]
[BlackElo "1716"]

1.e4 e6 2.d4 d5 3.Nd2 Nc6 4.Ngf3 Nf6 5.e5 Nd7 6.Nb3 Be7 7.Bb5 a5 8.a4 Ncb8
9.O-O b6 10.Qe2 Ba6 11.c4 O-O 12.cxd5 exd5 13.e6 Nf6 14.exf7+ Kh8 15.Ng5 Bxb5
16.axb5 Bb4 17.Bf4 c6 18.Bxb8 Rxb8 19.bxc6 Qd6 20.Rac1 Rbc8 21.Qb5 Ng4 22.g3 Qf6
23.Nh3 Rxf7 24.Qxd5 a4 25.Na1 Qh6 26.Qg2 Qd2 27.Nc2 Bd6 28.f3 Qd3 29.fxg4 Rxf1+
30.Qxf1 Qd2 31.Qe1 Qh6 32.Nf2 Rf8 33.Qe3 Qg6 34.Ne1 Qf7 35.Ned3 Re8 36.Ne5 Qc7
37.Ng6+  1-0